|
|
|
|
| LEADER |
00000nab a2200000 a 4500 |
| 001 |
vtls009940039 |
| 003 |
SK-MaSNL |
| 005 |
20260304154226.0 |
| 008 |
250507c2008 xo mr|p|||||||000 b|slo |
| 015 |
|
|
|a SNBRA2009/08
|2 snkbucl
|
| 035 |
|
|
|a urn:nbn:sk:snk-ab8bxw
|
| 035 |
|
|
|a (urnnbn)urn:nbn:sk:snk:ar-a07vn3
|
| 035 |
|
|
|a (uuid)9dc6c9b2-238e-4d18-ac47-eb08dea3a6d4
|
| 038 |
|
|
|a SNKBUCL
|
| 040 |
|
|
|a SNKBUCL
|b slo
|c SNKBUCL
|e AACR2
|
| 041 |
0 |
|
|a slo
|
| 044 |
|
|
|a xo
|c SK
|
| 080 |
|
|
|a 338.124.4:330.368:336.27:336.143.232
|2 2001
|
| 080 |
|
|
|a 330.368
|2 2001
|
| 080 |
|
|
|a 336.27
|2 2001
|
| 080 |
|
|
|a 336.77
|2 2001
|
| 080 |
|
|
|a 336.143.232
|2 2001
|
| 100 |
1 |
|
|a Hölcz, Róbert
|4 aut
|9 711665
|
| 245 |
1 |
0 |
|a Kultúra zadlžovania prináša ekonomickú rovnováhu
|c Róbert Hölcz
|
| 650 |
0 |
7 |
|a hospodárska kríza
|2 snkbucl
|9 2278
|
| 650 |
0 |
7 |
|a ekonomická nerovnováha
|2 snkbucl
|9 73642
|
| 650 |
0 |
7 |
|a pôžičky
|2 snkbucl
|9 275665
|
| 650 |
0 |
7 |
|a verejné financie
|2 snkbucl
|9 2204
|
| 650 |
0 |
7 |
|a rozpočtový deficit
|2 snkbucl
|9 486232
|
| 773 |
0 |
|
|t Eurobiznis
|g Roč. 9., č. 5 (2009), s. 14-15
|x 1336-393X
|
| 850 |
|
|
|a Slovenská národná knižnica
|
| 852 |
|
|
|a Slovenská národná knižnica
|
| 954 |
|
|
|a odborná, vedecká literatúra pôvodná (slovenská)
|2 lita
|
| 958 |
|
|
|a article9
|
| 958 |
|
|
|a OND
|
| 958 |
|
|
|a EUIPO
|
| 999 |
|
|
|c 2956712
|d 2958642
|